| 000 | 00000nam##2200000za#4500 |
| 001 | 9.606720 |
| 003 | CaOODSP |
| 005 | 20250129103524 |
| 007 | cr ||||||||||| |
| 008 | 150406|2008||||xxc|||||o f|0| 0 fre|d |
| 040 | |aCaOODSP|bfre |
| 043 | |an-cn--- |
| 086 | 1 |aEn57-41/14-2008F-PDF |
| 110 | 2 |aService météorologique du Canada. |
| 245 | 10|aLittérature sur l'adaptation aux changements climatiques / |h[ressource électronique]|cpar James I. MacLellan. |
| 260 | |aToronto - Ontario : |bEnvironnement Canada. |c2008. |
| 300 | |a44p.|bgraphiques, références, tableaux |
| 490 | 1 |aPapier occasionnel|v14 |
| 590 | |a14-08-Supp|b2014-04-10 |
| 775 | 08|tClimate change adaptation literature / |w(CaOODSP)9.573371 |
| 830 | #0|aPapier occasionnel ;|v14|w(CaOODSP)9.504138 |
| 856 | 40|ahttp://publications.gc.ca|qPDF|s474 Ko|uhttps://publications.gc.ca/collections/collection_2014/ec/En57-41-14-2008-fra.pdf|y14 |